000 00292nam a22001337a 4500
020 _a978-8174090829
041 _aENG
100 _aVazirani.V.N
245 _aDesign and Analysis Of Steel Structures
260 _a Delhi
_bKhanna Pub
_c2000
300 _a1256
650 _aFS
856 _uFS
999 _c843
_d843